Villes de France en 5 lettres - Carte Quiz - Statistiques

Statistiques générales
  • Ce quiz a été pris 741 fois
  • Le résultat moyen est 15 sur 20
Réponses sur la Carte
Les réponses sont colorées sur une échelle allant du rouge au vert en fonction du pourcentage des utilisateurs qui les ont devinées à leur premier essai. Vous pouvez retrouver ces pourcentages ci-dessous.
 
Statistiques - réponses
Réponse % Correct
Brest
92%
Dijon
85%
Lille
85%
Nimes
84%
Nancy
82%
Rouen
82%
Arras
81%
Vichy
80%
Reims
79%
Tours
77%
Melun
73%
Rodez
73%
Royan
73%
Laval
72%
Niort
70%
Tulle
69%
Blois
61%
Thann
58%
Vence
54%
Balma
52%
Aucun quiz correspondant
Distribution des résultats
% des personnes avec chaque résultat
Percentile par nombre de réponses
Votre historique - résultats
Vous n’avez pas pris ce quiz